| 000 | 00594nam a2200193 a 4500 | ||
|---|---|---|---|
| 005 | 20240911063721.0 | ||
| 008 | 991125s1981 es 000 0 spa u | ||
| 035 | _aUPN01000008360 | ||
| 049 | _aCG | ||
| 050 | 4 |
_aHN110.5 _bS6.4 |
|
| 100 | 1 | _aSoler, Ricaurte | |
| 245 | 1 | 0 |
_aClase y nación : _bproblemática latinoamericana / _cRicaurte Soler. |
| 260 |
_aBarcelona (Esp.) : _bFontamara, _c1981. |
||
| 300 | _a145 p. | ||
| 650 | 4 |
_aCLASES SOCIALES - _zAMERICA LATINA _98991 |
|
| 651 | 2 |
_aAmérica Latina _xCondiciones sociales _92836 |
|
| 651 | 4 |
_aAmérica Latina _xHistoria _92863 |
|
| 905 | _aLibro | ||
| 999 |
_c8360 _d8360 |
||